000 00382nam a2200145Ia 4500
005 20251222140054.0
008 251222s1900||||xx |||||||||||||| ||spa||
020 _a9788495269317
082 _a230.99/V63
100 _aVidal Tálens, José
245 0 _aLa Fe Cristiana y sus Coherencias:
250 _a1ra. ed.
264 _bFacultad de Teología San Vicente Ferrer
942 _cLIB
999 _c3718
_d3718